Ordenació econòmica de la Casa de Caritat de Barcelona
Descripción Física:
18 p. ; 22 cm
Otros Autores:
Catalunya. Institut d'Assistència Social
MARC
| LEADER | 00000nam a2200000Ia 4500 | ||
|---|---|---|---|
| 001 | 11160 | ||
| 008 | 160829s1934 xx 000 0 cat d | ||
| 080 | |a RF-7-55 | ||
| 110 | |a Casa de Caritat (Barcelona, Catalunya) |9 52406 | ||
| 245 | |a Ordenació econòmica de la Casa de Caritat de Barcelona | ||
| 260 | |a Barcelona : |b Institut d'Assistència Social de la Generalitat de Catalunya, |c 1934 | ||
| 300 | |a 18 p. ; |c 22 cm | ||
| 610 | 2 | 0 | |a Casa de Caritat (Barcelona, Catalunya) |x Assignacions pressupostàries i despeses |9 55727 |
| 700 | |a Catalunya. Institut d'Assistència Social |9 38119 | ||
| 710 | |a Casa de Caritat (Barcelona, Catalunya) |9 52406 | ||
| 856 | 4 | |u https://media.diba.cat/diba/fitxers/arxiu/fulletons/bib_11160_1934_baixa.pdf |y Accés lliure | |
| 856 | 4 | |u https://media.diba.cat/diba/fitxers/arxiu/fulletons/bib_11160_1934_baixa.pdf |y Accés lliure | |
| 901 | |a Arxiu | ||
| 942 | |n 1 |2 udc | ||
| 952 | |0 0 |1 0 |4 0 |6 RF755 |7 1 |9 48273 |a Arxiu |b Arxiu |d 2016-12-01 |l 0 |o RF-7-55 |p 11160 |r 2016-12-01 00:00:00 |w 2016-12-01 |y ARXIU | ||
| 999 | |c 52079 |d 52079 | ||
| 900 | |a bib_11160_1934_baixa.pdf | ||